Municipis de la comarca del Vallès Oriental (Catalunya) - Statistics

General Stats
  • This quiz has been taken 584 times
  • The average score is 23 of 39
Answer Stats
Hint Answer % Correct
G Granollers
96%
SC Sant Celoni
81%
C Cardedeu
79%
MV Mollet del Vallès
79%
G La Garriga
77%
LV Llinars del Valllès
76%
M Montmeló
76%
PV Parets del Vallès
76%
RV La Roca del Vallès
75%
CM Caldes de Montbui
67%
LA Lliçà d'Amunt
67%
LV Lliça de Vall
66%
SMP Santa Maria de Palautordera
66%
FV Les Franqueses del Vallès
65%
A Aiguafreda
63%
AV L'Ametlla del Vallès
63%
VV Vilanova del Vallès
63%
C Canovelles
62%
M Montseny
62%
BR Bigues i Riells
61%
MV Montornès del Vallès
61%
SEP Sant Esteve de Palautordera
61%
SAV Sant Antoni de Vilamajor
60%
L La Llagosta
59%
SPV Sant Pere de Vilamajor
56%
SFC Sant Feliu de Codines
54%
SER Santa Eulàlia de Ronçana
52%
M Martorelles
51%
T Tagamanent
51%
G Gualba
50%
SFC Sant Fost de Campsentelles
50%
CS Cànoves i Samalús
45%
V Vallgorguina
44%
V Vallromanes
44%
SMM Santa Maria de Martorelles
42%
FdM Fogars de Montclús
39%
C Campins
38%
VS Vilalba Sasserra
37%
FiM El Figueró i Montmany
33%
No matching quizzes found
Score Distribution
Percent of People with Each Score
Percentile by Number Answered
Your Score History
You have not taken this quiz